Statistiques concernant Pays européens avec le plus de musulmans

Cliquez ici pour prendre le quiz!

Statistiques générales

  • Ce quiz a été pris 5 856 fois
  • Le résultat moyen est 7 sur 11

Statistiques - réponses

%Pays% Correct
7 - 9France
96%
56.7Albanie
88%
95.6Kosovo
73%
50.7Bosnie-Herzegovine
72%
33.3Macedoine
64%
19.1Montenegro
62%
7.8Bulgarie
58%
5Belgique
56%
10 - 15Russie
53%
5Pays-bas
44%
5Suéde
42%

Distribution des résultats

Percentile par nombre de réponses

% des personnes avec chaque résultat

Votre développement - résultats

Vous n’avez pas pris ce quiz